| 000 | 00863cam a2200253 a 4500 | ||
|---|---|---|---|
| 001 | 12083887 | ||
| 005 | 20180221051037.0 | ||
| 008 | 000628s2001 cau b 001 0 eng | ||
| 010 | _a 00010235 | ||
| 020 | _a0761976752 (cloth : alk. paper) | ||
| 020 | _a0761976760 (pbk. : alk. paper) | ||
| 040 |
_aDLC _cDLC _dDLC |
||
| 041 | _aeng | ||
| 043 | _an-us--- | ||
| 080 | _a371.395 EDI | ||
| 082 | 0 | 0 |
_a371.395 EDI _221 |
| 100 | 1 | _a48 | |
| 101 | _aEDU | ||
| 245 | 1 | 0 |
_aAsking the right questions : _cEdie L. Holcomb. |
| 504 | _aIncludes bibliographical references (p. 149-152) and index. | ||
| 906 |
_a7 _bcbc _corignew _d1 _eecip _f20 _gy-gencatlg |
||
| 942 |
_2ddc _cBK |
||
| 999 |
_c43033 _d43033 |
||